1829 1544 1531 1398 1646 1556 1154 1763 1568 1510 1266 1147 1855 1878 1970 1612 1987 1014 1331 1669 1907 1618 1032 1053 1688 1258 1908 1032 1210 1446 1859 1979 1214 1363 1404 1522 1257 1372 1520 1890 1990 1162 1554 1659 1104 1945 1162 1810 1916 1922 1205 1631 1583 1752 1428 1310 1790 1315 1668 1107 1077 1736 1976 1617 1719 1211 1982 1386 1845 1666 1779 1691 1449 1911 1980 1889 1071 1297 1170 1939 1452 1812 1991 1997 1335 1107 1640 1681 1804 1205 1610 1840 1718 1729 1050 1777 1816 1936 1787 BCNSPRNW ULIB Ver.6.0+V

เปลี่ยนเป็นภาษาไทย

Change to English
 แสดงรายละเอียดบรรณานุกรม
  กลับหน้าหลัก

Brief Record : Get Marc (ISO 2709) : E-mail record : QR code < ปิดหน้าต่าง
LEADER : 00000nam 2200000uu 4500
001    13399115044
003     ULIB
008    120705s2541||||th 000 0 tha d
020    ^a9789742463410
060  4 ^aW13^bว579พ 2541
100 0  ^aวิทย์ เที่ยงบูรณธรรม
245 10 ^aพจนานุกรมแพทยศาสตร์ 2 =^bMedical Dictionary 2/^cวิทย์ เที่ยงบูรณธรรม
246 31 ^aMedical Dictionary 2
260    ^aกรุงเทพฯ :^bอักษรพิทยา,^c2541
300    ^a1,289 หน้า
650  7 ^aศัพท์การแพทย์
650  7 ^aแพทย์^xพจนานุกรม
945    ^p995^l0^i13551
945    ^p995^l0^i13550
995    ^aกัณชพร
999    ^aใช้งานได้ทุกระบบ
รายการนี้ยังไม่มีแท็ก
คุณยังไม่ได้ล็อกอิน คุณสามารถมีกิจกรรมร่วมกับเว็บไซต์ได้ แต่ต้องล็อกอินก่อน ::
  ล็อกอิน

รายการสื่อสารสนเทศ

ลำดับที่ ประเภท เลขเรียก/บาร์โค้ด สถานที่ สถานะ
- ไม่พบข้อมูล -

รายการใกล้เคียง
    ผู้แต่ง [วิทย์ เที่ยงบูรณธรรม]

    หัวเรื่อง [ศัพท์การแพทย์]

BibComment


ยังไม่เคยถูกคอมเมนท์

คอมเมนท์ทรัพยากรรายการนี้
  คอมเมนท์: พจนานุกรมแพทยศาส..


 Copyright 2026. Bcnsprnw @Library